Critical thinking puzzles (Record no. 174217)
[ view plain ]
| 000 -LEADER | |
|---|---|
| fixed length control field | 00383nam a2200145Ia 4500 |
| 008 - FIXED-LENGTH DATA ELEMENTS--GENERAL INFORMATION | |
| fixed length control field | 231217s9999 xx 000 0 und d |
| 041 ## - LANGUAGE CODE | |
| Language code of text/sound track or separate title | English |
| 082 ## - DEWEY DECIMAL CLASSIFICATION NUMBER | |
| Classification number | 793.73 DIS1;1 R |
| 100 ## - MAIN ENTRY--PERSONAL NAME | |
| Personal name | Dispezio, Michael A Miller, Myron ill |
| 245 #0 - TITLE STATEMENT | |
| Title | Critical thinking puzzles |
| 260 ## - PUBLICATION, DISTRIBUTION, ETC. | |
| Date of publication, distribution, etc. | 2005 |
| Name of publisher, distributor, etc. | Goodwill Publ. |
| Place of publication, distribution, etc. | New Delhi |
| 300 ## - PHYSICAL DESCRIPTION | |
| Extent | 96 |
| 650 ## - SUBJECT ADDED ENTRY--TOPICAL TERM | |
| Topical term or geographic name entry element | Critical,puzzles |
| 942 ## - ADDED ENTRY ELEMENTS (KOHA) | |
| Koha item type | Books |
| Date last seen | Total checkouts | Full call number | Accession number | Cost, total (INR) price | Price effective from | Category | Lost status | Damaged status | Department | Withdrawn status | Home library | Current library | Shelving location | Entry date | Vendor | Cost, normal purchase price | Grants | Billnumber | Billdate | Currency symbol | Conversion rate | Discount | Old discount |
|---|---|---|---|---|---|---|---|---|---|---|---|---|---|---|---|---|---|---|---|---|---|---|---|
| 26/01/2024 | 793.73 DIS1;1 R | 33345 | 42.50 | 12/03/2005 | Books | Central Library | Central Library | Central Library | Central Library | 12/03/2005 | Sapna Book House | 50.00 | GEN | 26930 | 17/01/2008 | RS | 1 | 7.5 | 15 |
